000 01254nam a2200277 i 4500
003 OSt
005 20260412102216.0
008 260412s2025 enka cr 000 1 eng d
020 _a9781526665638
_cRM 64.40
_qpaperback
040 _aPPAK
_beng
_cPPAK
_erda
082 0 4 _223
_a823.92
090 0 0 _a823.92
_bPER
_dK
100 1 _aPercival, Tom,
_d1977-
_eauthor.
245 1 0 _aSQUIRREL AND DUCK :
_bMISSION IMPROBABLE /
_cTOM PERCIVAL
264 1 _aLondon, England :
_bBLOOMSBURY CHILDREN'S BOOKS,
_c2025
300 _a225 pages :
_billustrations ;
_c20 cm
336 _atext
_2rdacontent
337 _aunmediated
_2rdamedia
338 _avolume
_2rdacarrier
520 _aMeet Squirrel and Duck. One is jolly and has a beak. The other is irritable and has a bushy tail. But which is which? Here's a clue... Duck is a duck and Squirrel is a squirrel. When disaster strikes and their secret home gets demolished, they head out in search of a new one. But it won't be easy, because the one thing Squirrel and Duck can't quite deal with is each other!
650 1 0 _aSquirrels
_vJuvenile fiction
650 2 0 _aDucks
_vJuvenile fiction
650 2 0 _aAnimals
_vJuvenile fiction
655 7 _aChildren's stories
942 _2ddc
_cB
999 _c203794
_d203794